000
00273nam a22001097a 4500
008
260422b |||||||| |||| 00| 0 eng d
100
_a
Vijaykumar, C J
245
_a
Patanjali Charitam
260
_a
Delhi
_b
New Bharatiya Book Corporation
_c
2020
300
_a
81p
942
_2
ddc
999
_c
1266
_d
1266